|
|
|
|
| LEADER |
01635nam a2200265 a 4500 |
| 001 |
GR-Antirio1157 |
| 003 |
GR-PaULI |
| 005 |
20240528113517.0 |
| 008 |
150402s2007 gr g 001 0 gre d |
| 020 |
|
|
|a 9789604181346
|
| 040 |
|
|
|a GrPaTEI
|b gre
|c GR-PaULI
|e AACR2
|
| 082 |
0 |
4 |
|a 004
|2 23
|
| 100 |
1 |
|
|a Βενέρης, Γιάννης,
|d 1955-
|9 112341
|e συγγραφέας.
|
| 245 |
1 |
0 |
|a Μιμήσις πληροφορικής :
|b έννοιες και τεχνολογίες /
|c Γιάννης Βενέρης.
|
| 260 |
|
|
|a Θεσσαλονίκη :
|b Τζιόλας,
|c 2007.
|
| 300 |
|
|
|a 1488 σ. :
|b εικ. ;
|c 25 εκ.
|
| 500 |
|
|
|a Περιλαμβάνει ευρετήριο.
|
| 650 |
|
4 |
|a Ηλεκτρονικοί υπολογιστές
|
| 650 |
|
4 |
|a Πληροφορική
|
| 942 |
|
|
|2 ddc
|c BK
|
| 952 |
|
|
|0 0
|1 0
|2 ddc
|4 0
|6 004_000000000000000_ΒΕΝ
|7 0
|9 263104
|a LISK-2
|b LISK-2
|c EUD
|d 2021-01-17
|e 24
|f 0
|g 0.00
|l 0
|o 004 ΒΕΝ
|p 2430000009538
|r 2021-01-17 00:00:00
|t 1
|w 2021-01-17
|y BK15
|x 20150402 0 ΧΑΣΑΝΗ 1
|x GrPaTEI - Antirrio
|
| 952 |
|
|
|0 0
|1 0
|2 ddc
|4 0
|6 004_000000000000000_ΒΕΝ
|7 0
|9 263105
|a LISK-2
|b LISK-2
|c EUD
|d 2021-01-17
|e 24
|f 0
|g 0.00
|l 0
|o 004 ΒΕΝ
|p 99243000009706
|r 2021-01-17 00:00:00
|t 2
|w 2021-01-17
|y BK15
|x GrPaTEI - Antirrio
|
| 952 |
|
|
|0 0
|1 0
|2 ddc
|4 0
|6 004_000000000000000_ΒΕΝ
|7 0
|9 263106
|a LISK-2
|b LISK-2
|c EUD
|d 2021-01-17
|e 24
|f 0
|g 0.00
|l 0
|o 004 ΒΕΝ
|p 99243000009789
|r 2021-01-17 00:00:00
|t 3
|w 2021-01-17
|y BK15
|x GrPaTEI - Antirrio
|
| 952 |
|
|
|0 0
|1 0
|2 ddc
|4 0
|6 004_000000000000000_ΒΕΝ
|7 0
|9 380595
|a LISP
|b LISP
|c BSC
|d 2024-05-28
|i 365945
|l 0
|o 004 ΒΕΝ
|p 025000310736
|r 2024-05-28 00:00:00
|t 4
|w 2024-05-28
|y BK15
|
| 999 |
|
|
|c 151480
|d 151480
|